7 formula individu cemerlang

Bibliographic Details
Main Author: Danial Zainal Abidin
Format: Book
Published: Selangor : PTS Millennia , 2006
Series:Siri pembangunan diri
Subjects:

MARC

LEADER 00000cam a2200000 7i4500
001 0000012004
005 20080124.0
008 071123
020 |a 9833372856 
090 0 0 |a 153.8   |b DAN 
100 0 |a Danial Zainal Abidin 
245 1 0 |a 7 formula individu cemerlang   |c Danial Zainal Abidin 
246 0 |a Tujuh formula individu cemerlang 
260 |a Selangor :   |b PTS Millennia ,   |c 2006 
440 |a Siri pembangunan diri 
650 0 |a Motivation (Psychology) 
650 0 |a Self-realization 
740 0 |a Tujuh formula individu cemerlang 
999 |a 0001004387   |b Book   |c Adult Collection   |e Cawangan Tangkak 
999 |a 0001004388   |b Book   |c Adult Collection   |e Perbadanan Perpustakaan Awam Johor 
999 |a 0001004389   |b Book   |c Adult Collection   |e Perbadanan Perpustakaan Awam Johor 
999 |a 0001004390   |b Book   |c Adult Collection   |e Perbadanan Perpustakaan Awam Johor 
999 |a 0001004734   |b Book   |c Adult Collection   |e Cawangan Bandar Tenggara 
999 |a 0001023931   |b Book   |c Adult Collection   |e Cawangan Bandar Penawar